Dating. (Record no. 14783)

000 -LEADER
fixed length control field 00494nam a2200181 a 4500
001 - CONTROL NUMBER
control field :::00012617$&:&@@
003 - CONTROL NUMBER IDENTIFIER
control field OkBaRHE
005 - DATE AND TIME OF LATEST TRANSACTION
control field 20000607103421.0
008 - FIXED-LENGTH DATA ELEMENTS--GENERAL INFORMATION
fixed length control field j 000 0 eng u
040 ## - CATALOGING SOURCE
Transcribing agency
100 1# - MAIN ENTRY--PERSONAL NAME
Personal name Dewing, Robert.
245 10 - TITLE STATEMENT
Title Dating.
260 ## - PUBLICATION, DISTRIBUTION, ETC. (IMPRINT)
Place of publication, distribution, etc Belmont, Australia, :
Name of publisher, distributor, etc Shelly Publications
Date of publication, distribution, etc nd
300 ## - PHYSICAL DESCRIPTION
Extent 80 p.
650 ## - SUBJECT ADDED ENTRY--TOPICAL TERM
Topical term or geographic name as entry element Dating
942 ## - ADDED ENTRY ELEMENTS (KOHA)
Source of classification or shelving scheme
Koha item type Books
Copies
Date acquired Price effective from Withdrawn status Copy number Shelving location Date last seen Full call number Not for loan Lost status Source of classification or shelving scheme Damaged status Koha item type Permanent Location Barcode
2010-04-142010-04-14 1General Stacks2010-04-14HQ 801 .D5    BooksRHEMA Bible Training College12617